| 000 | 00577nam a22001817a 4500 | ||
|---|---|---|---|
| 003 | OSt | ||
| 005 | 20221103193000.0 | ||
| 008 | 150522b xxu||||| |||| 00| 0 eng d | ||
| 020 | _a0-914357 -64 -6 | ||
| 040 | _cBiblioteca Lado V | ||
| 082 |
_a708 _bM379e |
||
| 100 |
_9314 _aMartin, Susan _eeditora |
||
| 245 | _aThe experimental exercise of freedom: Ligia Clark, Gego, Mathias Goeritz, Helio Oiticica and Mira Schendel/ | ||
| 260 |
_c2000 _aCalifornia |
||
| 300 |
_a245p. _c19x24cm |
||
| 700 |
_aRuiz, Alma _eeditora |
||
| 942 |
_2ddc _c1 _h708 _iM379c _n0 |
||
| 999 |
_c2505 _d2505 |
||